| 000 | 00600nam a2200205 a 4500 | ||
|---|---|---|---|
| 001 | BRL_1911 | ||
| 005 | 20190320211430.0 | ||
| 008 | 170815s19uu----gw-c######---#000-0#ger-# | ||
| 041 | _ager | ||
| 044 | _agw | ||
| 050 | 4 |
_aML410.W1 _b.R37 1900 |
|
| 100 | 1 |
_aRapp, Julius _928214 |
|
| 245 | 1 | 0 |
_aRichard Wagners gesammelte dichtungen _cHerausgegeben von Julius Kapp. Drei teile in einem Bande |
| 260 |
_aLeipzing _bHesse & Beder Berlag _c[19--] |
||
| 300 |
_a231 p. _bil. _c17 cm. |
||
| 500 | _aAu1968 | ||
| 600 | 1 | 4 |
_aWagner, Richard _d1813-1883 _vBiografĂa _924849 |
| 902 | _aGRL | ||
| 942 |
_2lcc _cB |
||
| 999 |
_c10719 _d10719 |
||